000 00347nam a2200109Ia 4500
008 171204s9999 xx 000 0 und d
245 _aCalculus for Computer Graphics:
245 _cJohn Vince
260 _c2013
650 _xDesktop Publishing & Computer Graphics
856 _uhttp://down.ebook777.com/015/Calculus%20for%20Computer%20Graphics.pdf
999 _c346293
_d346293